[Event "PRVA LIGA CENTRALNE SRBIJE 2015"]
[Site "Kragujevac"]
[Date "2015.09.07"]
[Round "4.6"]
[White "Bozic, Milan"]
[Black "Cvetanovic, Uros"]
[Result "0-1"]
[WhiteElo "2438"]
[BlackElo "2230"]
[PlyCount "66"]
[EventDate "2015.09.05"]

1. Nf3 Nc6 2. d4 d5 3. Bf4 Bg4 4. c3 e6 5. Nbd2 Bd6 6. Bg3 Nf6 7. e3 O-O 8. Qc2
Re8 9. Bd3 e5 10. dxe5 Nxe5 11. Nxe5 Bxe5 12. Nf3 Bxf3 13. gxf3 c5 14. Rg1 Qa5
15. Kf1 Qb6 16. Rd1 Rad8 17. Bh4 h6 18. f4 Bb8 19. a4 d4 20. Bb5 dxe3 21. Bxe8
Rxe8 22. fxe3 Rxe3 23. Rd3 Bxf4 24. Rg2 g5 25. Rxe3 Bxe3 26. Qd3 Bf4 27. Qf5
Qd6 28. Re2 gxh4 29. Qc8+ Kg7 30. Qxb7 Bxh2 31. Re7 Qf4+ 32. Ke2 Qc4+ 33. Kd1
Qd3+ 0-1